Anagrammi dei Calciatori - Quiz n°5 - Statistics

Statistiche generali
  • Questo quiz è stato fatto 17 volte
  • Il punteggio medio è 5 su 10
Statistiche sulle risposte
Anagramma Calciatore % Corretto
feipel Felipe
79%
sucfh Fuchs
71%
rmroeo Romero
57%
maosaha Asamoah
50%
ypeda Depay
50%
iocinogv Giovinco
50%
nesslclei Cillessen
29%
tplatae Paletta
29%
ahteircmt Marchetti
21%
oaiusc Causio
14%
Nessun quiz corrispondente trovato
Distribuzione punteggi
Percentuale di utenti per punteggio
Percentile per numero di risposta
I tuoi punteggi nel tempo
Non hai fatto questo quiz